[Event "4NCL 3 South pool D"]
[Site "Daventry, ENG"]
[Date "2019.05.04"]
[Round "9.66"]
[White "Michaud, Gerald"]
[Black "Freeman, Richard C P"]
[Result "0-1"]
[WhiteElo "1848"]
[BlackElo "1999"]
[PlyCount "84"]
[EventDate "2019.05.04"]
[WhiteTeam "Sussex Martlets 2"]
[BlackTeam "MK Phoenix 1"]

1. d4 g6 2. Nf3 Bg7 3. e3 d6 4. Bd3 Nd7 5. O-O e5 6. Nbd2 Ngf6 7. c3 O-O 8. Qc2
Qe7 9. b3 Re8 10. e4 b6 11. Re1 Bb7 12. Bb2 Rac8 13. a4 a5 14. Rad1 Nf8 15. Qb1
N6d7 16. Ba3 Ne6 17. d5 Nf4 18. Bf1 Rf8 19. g3 Nh5 20. Bh3 Ra8 21. Bxd7 Qxd7
22. Kh1 Qg4 23. Ng1 f5 24. h3 Qg5 25. Ndf3 Qe7 26. c4 Rf7 27. Bc1 h6 28. Re2
Raf8 29. Kg2 Bc8 30. Nh4 Qf6 31. Qd3 fxe4 32. Qxe4 g5 33. Nhf3 Bf5 34. Qe3 g4
35. Nd2 Qg6 36. hxg4 Bxg4 37. f3 Bxf3+ 38. Ndxf3 Qxg3+ 39. Kh1 Rxf3 40. Nxf3
Rxf3 41. Qg1 Qh3+ 42. Qh2 Ng3+ 0-1

[Event "4NCL 3 South pool D"]
[Site "Daventry, ENG"]
[Date "2019.05.04"]
[Round "9.71"]
[White "Fulton, Anthony R"]
[Black "Davison, Chris"]
[Result "0-1"]
[WhiteElo "1974"]
[BlackElo "2048"]
[PlyCount "56"]
[EventDate "2019.05.04"]
[WhiteTeam "Cambridge University 2"]
[BlackTeam "Poisoned Pawns 1"]

1. d4 Nf6 2. c4 g6 3. Nc3 Bg7 4. e4 d6 5. Nf3 O-O 6. Be2 e5 7. d5 a5 8. h3 Na6
9. Be3 Nh5 10. O-O Qe8 11. Re1 Bd7 12. Rc1 Nc5 13. b3 b6 14. Qd2 f5 15. exf5
gxf5 16. Ng5 Nf6 17. Bxc5 bxc5 18. Nf3 Nh5 19. Qg5 Nf4 20. Bf1 Rf6 21. Nh4 Qf7
22. Rcd1 Kh8 23. Qg3 Rg8 24. Qf3 Rh6 25. g3 Rxh4 26. gxh4 e4 27. Nxe4 fxe4 28.
Rxe4 Nxh3+ 0-1

[Event "4NCL 3 South pool D"]
[Site "Daventry, ENG"]
[Date "2019.05.04"]
[Round "9.72"]
[White "Clark, Kevin R"]
[Black "Webster, Peter A N"]
[Result "1-0"]
[WhiteElo "2125"]
[BlackElo "1887"]
[PlyCount "67"]
[EventDate "2019.05.04"]
[WhiteTeam "Poisoned Pawns 1"]
[BlackTeam "Cambridge University 2"]

1. e4 e6 2. d4 d5 3. Nd2 Nf6 4. e5 Nfd7 5. c3 c5 6. Bd3 Nc6 7. Ne2 cxd4 8. cxd4
f6 9. exf6 Nxf6 10. Nf3 Qc7 11. Nc3 a6 12. O-O Bd6 13. Bg5 O-O 14. Rc1 Bd7 15.
Re1 Ng4 16. h3 Bh2+ 17. Kf1 Nxf2 18. Kxf2 Qg3+ 19. Ke3 Qxg2 20. Rf1 Rxf3+ 21.
Qxf3 Qxg5+ 22. Kf2 Nxd4 23. Qg4 Qd2+ 24. Be2 Nxe2 25. Qxe2 Qf4+ 26. Kg2 Qg3+
27. Kh1 d4 28. Ne4 Qxh3 29. Qxh2 Qg4 30. Nf6+ gxf6 31. Rg1 e5 32. Rc7 Kf8 33.
Rxg4 Bxg4 34. Qxh7 1-0

[Event "4NCL 3 South pool D"]
[Site "Daventry, ENG"]
[Date "2019.05.04"]
[Round "9.73"]
[White "Campbell, Mark C"]
[Black "Rosen, Daniel B"]
[Result "1-0"]
[WhiteElo "1892"]
[BlackElo "2057"]
[PlyCount "125"]
[EventDate "2019.05.04"]
[WhiteTeam "Cambridge University 2"]
[BlackTeam "Poisoned Pawns 1"]

1. e4 d6 2. d4 g6 3. c4 Bg7 4. Nc3 Nf6 5. f4 c5 6. d5 O-O 7. Nf3 Bg4 8. Bd3 e6
9. O-O exd5 10. exd5 Nbd7 11. Qe1 Bxf3 12. Rxf3 a6 13. Qh4 Ne8 14. Qh3 f5 15.
g4 fxg4 16. Qxg4 Rf7 17. Bd2 Nef6 18. Qh3 Qf8 19. Raf1 Nh5 20. Ne4 Bh6 21. Qe6
Ng7 22. Qxd6 Nf5 23. Qxf8+ Raxf8 24. Ng5 Bxg5 25. fxg5 Ne5 26. Rh3 Nd4 27. Rxf7
Rxf7 28. Bc3 Nef3+ 29. Kg2 Nxg5 30. Re3 Rf4 31. h3 Kf8 32. Ba5 Ngf3 33. Bb6
Nh4+ 34. Kg3 g5 35. Bxc5+ Kf7 36. Bxd4 Rxd4 37. b3 Rf4 38. Bxh7 Rf1 39. Be4 Ra1
40. Re2 Rd1 41. Kf2 b6 42. Ke3 a5 43. Rd2 Re1+ 44. Kd4 Ke7 45. Rd3 Kd6 46. Rg3
Rd1+ 47. Kc3 Re1 48. Kd3 Rd1+ 49. Ke2 Ra1 50. Rxg5 Rxa2+ 51. Kd3 Ra3 52. Kc2 a4
53. bxa4 Rxh3 54. Rh5 Kc5 55. Bd3 Rh2+ 56. Kc3 Rh1 57. Rh6 Rc1+ 58. Kb2 Rh1 59.
Kc2 Kd4 60. d6 Rh2+ 61. Kb3 Rh3 62. d7 Rxd3+ 63. Kc2 1-0

[Event "4NCL 3 South pool D"]
[Site "Daventry, ENG"]
[Date "2019.05.04"]
[Round "9.74"]
[White "Byway, Paul V"]
[Black "Lim, Mark"]
[Result "1-0"]
[WhiteElo "2038"]
[BlackElo "1811"]
[PlyCount "93"]
[EventDate "2019.05.04"]
[WhiteTeam "Poisoned Pawns 1"]
[BlackTeam "Cambridge University 2"]

1. d4 Nf6 2. Nf3 e6 3. g3 d5 4. c4 Be7 5. Bg2 O-O 6. O-O Nbd7 7. Qc2 c6 8. b3
b6 9. Bb2 Ba6 10. Nbd2 Rc8 11. Rfe1 c5 12. e4 dxe4 13. Nxe4 Bb7 14. Nxf6+ Nxf6
15. Rad1 Qc7 16. dxc5 Qxc5 17. Bd4 Qh5 18. Re5 Qg6 19. Qe2 Bxf3 20. Bxf3 h6 21.
h4 Rfe8 22. Rb5 Red8 23. Re5 Bd6 24. h5 Qh7 25. Re3 Qf5 26. Red3 Bc7 27. Kg2
Qa5 28. Bc3 Qc5 29. b4 Qg5 30. Rxd8+ Rxd8 31. Rxd8+ Bxd8 32. Qd3 Ne8 33. Qd7
Qe7 34. Qc6 Nf6 35. c5 Nd7 36. Qa8 bxc5 37. bxc5 Nf8 38. c6 Bb6 39. Qb8 Qc5 40.
Be1 Qc1 41. Bb4 Qc2 42. Qxf8+ Kh7 43. Be1 Qb1 44. Bc3 f6 45. Qa3 Qc2 46. Qb2
Qf5 47. Bd4 1-0

[Event "4NCL 3 South pool D"]
[Site "Daventry, ENG"]
[Date "2019.05.04"]
[Round "9.75"]
[White "Patel, Rishi"]
[Black "McCorry, Robert T"]
[Result "1/2-1/2"]
[WhiteElo "1808"]
[BlackElo "2007"]
[PlyCount "49"]
[EventDate "2019.05.04"]
[WhiteTeam "Cambridge University 2"]
[BlackTeam "Poisoned Pawns 1"]

1. e4 c5 2. Nf3 e6 3. c3 d5 4. exd5 Qxd5 5. d4 Nf6 6. Be2 cxd4 7. Qxd4 Nc6 8.
Qxd5 Nxd5 9. O-O Be7 10. Rd1 h6 11. a3 a5 12. c4 Nf6 13. b3 e5 14. Bb2 e4 15.
Nd4 Nxd4 16. Bxd4 Bf5 17. Nc3 O-O 18. h3 Rac8 19. Bb6 Bd8 20. Bxd8 Rfxd8 21. g4
Bg6 22. Bf1 Rxd1 23. Rxd1 e3 24. Bd3 Rd8 25. Bc2 1/2-1/2

[Event "4NCL 3 South pool D"]
[Site "Daventry, ENG"]
[Date "2019.05.04"]
[Round "9.76"]
[White "See, Tristian"]
[Black "Dhemrait, Surjit S"]
[Result "1-0"]
[WhiteElo "2042"]
[BlackElo "1550"]
[PlyCount "95"]
[EventDate "2019.05.04"]
[WhiteTeam "Poisoned Pawns 1"]
[BlackTeam "Cambridge University 2"]

1. e4 e5 2. Nf3 Nc6 3. Bc4 Be7 4. c3 Nf6 5. d4 exd4 6. e5 Ng4 7. cxd4 d6 8. h3
Nh6 9. Bxh6 gxh6 10. Qb3 Rf8 11. Nbd2 Na5 12. Qa4+ c6 13. Be2 Bd7 14. b4 b5 15.
Qxa5 dxe5 16. dxe5 Qxa5 17. bxa5 Bb4 18. a6 O-O-O 19. Rb1 Ba5 20. Rc1 Kc7 21.
Bxb5 Rb8 22. Bc4 Rb2 23. Rd1 Rd8 24. O-O Bf5 25. Nb3 Bb6 26. Rxd8 Kxd8 27. Rd1+
Ke7 28. Rd2 Rb1+ 29. Kh2 c5 30. Ng1 Re1 31. Ne2 Bc7 32. f4 f6 33. Ng3 Bg6 34.
exf6+ Kxf6 35. Re2 Rxe2 36. Nxe2 Bd6 37. g3 h5 38. h4 Bf5 39. Nc3 Bc2 40. Nd5+
Kg6 41. Ne3 Be4 42. Be2 Bb1 43. a4 Be4 44. Nc4 Be7 45. Ne5+ Kh6 46. Na5 Bd5 47.
Nac6 c4 48. Nxe7 1-0

[Event "4NCL 3 South pool D"]
[Site "Daventry, ENG"]
[Date "2019.05.04"]
[Round "9.81"]
[White "Fowler, David"]
[Black "Byron, Alan M"]
[Result "0-1"]
[WhiteElo "1969"]
[BlackElo "2208"]
[PlyCount "130"]
[EventDate "2019.05.04"]
[WhiteTeam "CSC 2"]
[BlackTeam "The Rookies"]

1. d4 Nf6 2. Nc3 d5 3. Bg5 e6 4. e4 dxe4 5. Nxe4 Be7 6. Bxf6 Bxf6 7. c3 O-O 8.
Bd3 Nd7 9. Nf3 b6 10. O-O Bb7 11. Qe2 g6 12. Nxf6+ Nxf6 13. Rfe1 Qd6 14. Qe5
Ng4 15. Qxd6 cxd6 16. Be4 Bxe4 17. Rxe4 Nf6 18. Rf4 Kg7 19. Re1 h6 20. h4 b5
21. a3 a5 22. Nd2 Rfc8 23. Ne4 Nxe4 24. Rfxe4 d5 25. R4e3 Rc4 26. Ra1 Rac8 27.
Rd1 Ra8 28. Ra1 Rb8 29. Rd1 h5 30. g3 Kf6 31. Rf3+ Ke7 32. Kg2 Rb7 33. Re3 Kd6
34. Kf3 Ra7 35. Ra1 Rac7 36. Rd1 Ra4 37. Kg2 Rb7 38. Ra1 Rc4 39. Kf3 Rbc7 40.
Rd1 R4c6 41. Kf4 Rc4 42. Kg5 Ke7 43. f3 Rc8 44. g4 Rh8 45. Rde1 Rcc8 46. R1e2
Rh7 47. Re1 Rch8 48. a4 bxa4 49. Ra1 hxg4 50. fxg4 Rxh4 51. Rg3 f6+ 52. Kf4 g5+
53. Kf3 Rh2 54. Rg2 Rxg2 55. Kxg2 Rb8 56. Ra2 a3 57. Rxa3 Rxb2+ 58. Kf1 Rb5 59.
Ke2 Rb2+ 60. Kf1 Rb5 61. Ke2 Kd6 62. Kd3 e5 63. dxe5+ Kxe5 64. Ra4 Rc5 65. Kd2
Rc4 0-1

[Event "4NCL 3 South pool D"]
[Site "Daventry, ENG"]
[Date "2019.05.04"]
[Round "9.82"]
[White "Burrows, Martin P"]
[Black "Amato, Giampiero"]
[Result "1/2-1/2"]
[WhiteElo "2146"]
[BlackElo "1994"]
[PlyCount "144"]
[EventDate "2019.05.04"]
[WhiteTeam "The Rookies"]
[BlackTeam "CSC 2"]

1. e4 e5 2. Bc4 Nf6 3. d4 exd4 4. Nf3 Bc5 5. e5 d5 6. Bb5+ Bd7 7. Bxd7+ Nfxd7
8. O-O O-O 9. Bf4 Nc6 10. Nbd2 Re8 11. Nb3 Bb6 12. Re1 Nf8 13. Nbxd4 Nxd4 14.
Nxd4 Qd7 15. Bg3 c6 16. Qd3 Bxd4 17. Qxd4 Qf5 18. Qd2 Ng6 19. f4 h5 20. h3 h4
21. Bh2 Re7 22. Kh1 Rae8 23. Rf1 b6 24. a4 Rd7 25. Rf3 c5 26. a5 Nf8 27. axb6
axb6 28. Rb3 Rb8 29. Rb5 Ne6 30. c3 Nc7 31. Rb3 d4 32. c4 Ne6 33. Qf2 d3 34.
Rd1 b5 35. Qd2 Rd4 36. Rxb5 Rxb5 37. cxb5 Rb4 38. Qxd3 Qxd3 39. Rxd3 Rxb2 40.
Rd1 Rxb5 41. f5 Nd4 42. f6 g5 43. Bg1 Kh7 44. Bxd4 cxd4 45. Rxd4 Rxe5 46. Rg4
Kg6 47. g3 hxg3 48. Rxg3 Kxf6 49. Kg2 Re4 50. Ra3 Rb4 51. Ra8 Kg7 52. Ra7 Kg6
53. Ra8 f6 54. Kg3 Rh4 55. Rb8 Rh7 56. Rb4 f5 57. Rb6+ Kh5 58. Rb8 Ra7 59. Rh8+
Kg6 60. Rg8+ Kf6 61. Rf8+ Ke6 62. Rg8 Ra3+ 63. Kg2 Kf6 64. Re8 f4 65. Rh8 Rg3+
66. Kh2 Kf5 67. Re8 Re3 68. Rf8+ Ke4 69. Rg8 Re2+ 70. Kg1 Kf5 71. Rf8+ Kg6 72.
h4 gxh4 1/2-1/2

[Event "4NCL 3 South pool D"]
[Site "Daventry, ENG"]
[Date "2019.05.04"]
[Round "9.83"]
[White "Frostick, Helen M"]
[Black "Jones, Christopher M"]
[Result "0-1"]
[WhiteElo "1951"]
[BlackElo "2113"]
[PlyCount "114"]
[EventDate "2019.05.04"]
[WhiteTeam "CSC 2"]
[BlackTeam "The Rookies"]

1. e4 e5 2. Nf3 Nc6 3. Bb5 f5 4. d3 Nf6 5. O-O Bc5 6. Nc3 d6 7. Bxc6+ bxc6 8.
exf5 O-O 9. d4 exd4 10. Nxd4 Bxd4 11. Qxd4 Bxf5 12. Qc4+ Kh8 13. Qxc6 Bxc2 14.
Nb5 Bd3 15. Rd1 Bxb5 16. Qxb5 Ng4 17. f3 Ne5 18. Qd5 Qe8 19. b3 Ng6 20. Qd4 Qf7
21. Bb2 Nf4 22. Re1 Rae8 23. Kf1 Qg6 24. Qd2 Rxe1+ 25. Rxe1 Qd3+ 26. Qxd3 Nxd3
27. Re2 Nxb2 28. Rxb2 Kg8 29. Ke2 Kf7 30. Kd3 Ke6 31. Re2+ Kd7 32. Re4 Rf5 33.
Ra4 a5 34. h4 Kc6 35. Rc4+ Kb6 36. Re4 Rf7 37. a4 d5 38. Rg4 c5 39. Kc3 Kc6 40.
Kd3 Rb7 41. Kc2 Re7 42. Kd3 d4 43. Rg5 Re3+ 44. Kc2 g6 45. f4 Kd6 46. g4 Rc3+
47. Kb2 Rg3 48. Kc2 Rg2+ 49. Kd3 Rb2 50. f5 Rxb3+ 51. Kd2 gxf5 52. Rxf5 c4 53.
h5 Rb2+ 54. Kd1 c3 55. Rf8 Ke5 56. Rf7 d3 57. Rxh7 Rb1# 0-1

[Event "4NCL 3 South pool D"]
[Site "Daventry, ENG"]
[Date "2019.05.04"]
[Round "9.84"]
[White "Compton, Alistair"]
[Black "Mashayekh, Majid"]
[Result "1/2-1/2"]
[WhiteElo "2023"]
[BlackElo "1902"]
[PlyCount "40"]
[EventDate "2019.05.04"]
[WhiteTeam "The Rookies"]
[BlackTeam "CSC 2"]

1. e4 c6 2. d4 d5 3. e5 Bf5 4. h4 h6 5. Nc3 e6 6. g4 Bh7 7. Be3 Be7 8. Qd2 Nd7
9. O-O-O Qa5 10. f4 Bb4 11. Nge2 Be4 12. Rh3 h5 13. gxh5 Ne7 14. h6 gxh6 15. a3
Bxc3 16. Nxc3 Bf5 17. Rg3 Bg6 18. Bh3 Bf5 19. Bf1 Bg6 20. Bh3 Bf5 1/2-1/2

[Event "4NCL 3 South pool D"]
[Site "Daventry, ENG"]
[Date "2019.05.04"]
[Round "9.85"]
[White "Vachtfeidl, Petr"]
[Black "Jaszkiwskyj, Peter"]
[Result "1/2-1/2"]
[WhiteElo "1841"]
[BlackElo "1919"]
[PlyCount "88"]
[EventDate "2019.05.04"]
[WhiteTeam "CSC 2"]
[BlackTeam "The Rookies"]

1. d4 d5 2. c4 e6 3. Nc3 Be7 4. Nf3 Nf6 5. Bg5 O-O 6. e3 Nbd7 7. Rc1 c6 8. Bd3
dxc4 9. Bxc4 Nd5 10. Bxe7 Qxe7 11. O-O Nxc3 12. Rxc3 e5 13. Bb3 exd4 14. exd4
Nf6 15. Re1 Qd6 16. Ne5 Nd5 17. Rf3 Be6 18. Qd2 Rae8 19. Rg3 Qb4 20. Qxb4 Nxb4
21. Bxe6 Rxe6 22. Nd3 Nxd3 23. Rxe6 fxe6 24. Rxd3 Rd8 25. f4 c5 26. Kf2 g5 27.
Rg3 Rxd4 28. Rxg5+ Kf7 29. Ke3 Rd5 30. Rxd5 exd5 31. g4 b5 32. Kd3 a5 33. Ke3
a4 34. a3 b4 35. Kd3 Ke6 36. h4 Kf6 37. h5 h6 38. Kd2 Kg7 39. g5 hxg5 40. fxg5
Kh7 41. Kc2 Kg7 42. Kd3 c4+ 43. Kc2 bxa3 44. bxa3 d4 1/2-1/2

[Event "4NCL 3 South pool D"]
[Site "Daventry, ENG"]
[Date "2019.05.04"]
[Round "9.86"]
[White "Gibson, Christopher A"]
[Black "Saidmurodov, Shahjahon"]
[Result "0-1"]
[WhiteElo "1887"]
[BlackElo "1775"]
[PlyCount "110"]
[EventDate "2019.05.04"]
[WhiteTeam "The Rookies"]
[BlackTeam "CSC 2"]

1. e4 b6 2. d4 Bb7 3. Bd3 e6 4. Qe2 d5 5. exd5 Bxd5 6. Nf3 Nf6 7. O-O Be7 8. c4
Bb7 9. Nc3 O-O 10. Bg5 Nbd7 11. Rad1 Re8 12. Rfe1 Qc8 13. Ne5 c5 14. Nxd7 Nxd7
15. Bxe7 Rxe7 16. d5 Nf6 17. Ne4 Nxe4 18. Qxe4 g6 19. Qh4 Re8 20. d6 Qd8 21.
Qf4 f5 22. Qe5 Qd7 23. Bc2 Rad8 24. h4 Bc6 25. h5 Qg7 26. hxg6 hxg6 27. f4 Qxe5
28. fxe5 g5 29. Kf2 Bd7 30. Rh1 Kg7 31. Rh5 g4 32. Rd3 Kg6 33. Rh1 Rh8 34. Rxh8
Rxh8 35. Ra3 a5 36. Ba4 Bxa4 37. Rxa4 f4 38. Ra3 Rd8 39. Rb3 Rb8 40. d7 Kf5 41.
Rxb6 Rd8 42. Rc6 $11 Rxd7 43. Rxc5 Rd2+ 44. Kf1 Rxb2 45. Rxa5 g3 46. a4 Rf2+
47. Kg1 Rc2 48. Kf1 Rxc4 49. Rb5 Rxa4 50. Rc5 Ra1+ 51. Ke2 Ra2+ 52. Kf1 Ra1+
53. Ke2 Rg1 54. Kf3 Rf1+ 55. Ke2 Rf2+ 0-1

[Event "4NCL Division 3 North"]
[Site "Bolton, ENG"]
[Date "2018.11.10"]
[Round "1.11"]
[White "Rawlinson, Aidan M"]
[Black "Sakic, Lorand"]
[Result "0-1"]
[WhiteElo "2245"]
[BlackElo "1997"]
[PlyCount "50"]
[EventDate "2018.11.10"]
[WhiteTeam "Manchester Manticores 2"]
[BlackTeam "Bolton & Worsley"]

1. d4 Nf6 2. c4 g6 3. g3 c5 4. d5 e6 5. Nc3 exd5 6. cxd5 d6 7. Bg2 Bg7 8. Nf3
O-O 9. O-O a6 10. a4 Re8 11. Bf4 Nh5 12. Bg5 Qb6 13. Qc1 Nd7 14. Nd2 Ne5 15. h3
f5 16. e4 Nd3 17. Qc2 Qxb2 18. Qxd3 Qxc3 19. Qe2 fxe4 20. Nxe4 Qe5 21. g4 Qxg5
22. gxh5 Bxa1 23. Rxa1 Bf5 24. Nxg5 Rxe2 25. hxg6 hxg6 0-1

[Event "4NCL Division 3 North"]
[Site "Bolton, ENG"]
[Date "2018.11.10"]
[Round "1.12"]
[White "Sakic, Simeon"]
[Black "Dobson, Graham"]
[Result "1/2-1/2"]
[WhiteElo "1871"]
[BlackElo "1982"]
[PlyCount "40"]
[EventDate "2018.11.10"]
[WhiteTeam "Bolton & Worsley"]
[BlackTeam "Manchester Manticores 2"]

1. e4 c6 2. d4 d5 3. Nc3 dxe4 4. Nxe4 Nf6 5. Ng3 h5 6. h4 e5 7. Be3 Bg4 8. f3
Be6 9. dxe5 Qa5+ 10. Kf2 Qxe5 11. Qd4 Qxd4 12. Bxd4 Nbd7 13. Bd3 Bc5 14. N1e2
O-O-O 15. Ne4 Nxe4+ 16. Bxe4 Bxd4+ 17. Nxd4 Nc5 18. Nxe6 Nxe4+ 19. fxe4 fxe6
20. Ke3 e5 1/2-1/2

[Event "4NCL Division 3 North"]
[Site "Bolton, ENG"]
[Date "2018.11.10"]
[Round "1.13"]
[White "Webster, Richard J"]
[Black "Doherty, Paul"]
[Result "1-0"]
[WhiteElo "1982"]
[BlackElo "1757"]
[PlyCount "71"]
[EventDate "2018.11.10"]
[WhiteTeam "Manchester Manticores 2"]
[BlackTeam "Bolton & Worsley"]

1. d4 e6 2. c4 f5 3. g3 Nf6 4. Bg2 Be7 5. Nf3 O-O 6. O-O d6 7. b3 Qe8 8. Nbd2
Ne4 9. Bb2 Nd7 10. Qc2 Ndf6 11. Ne1 Nxd2 12. Qxd2 Qh5 13. f3 d5 14. Nd3 c6 15.
a4 Bd7 16. Ba3 Rae8 17. Bxe7 Rxe7 18. Qb4 Rff7 19. Ne5 Be8 20. Nxf7 Qxf7 21. e4
e5 22. dxe5 Nh5 23. exd5 cxd5 24. f4 dxc4 25. Qxc4 Qxc4 26. bxc4 Rc7 27. Rfd1
g6 28. Rd6 Kf8 29. Bd5 Ng7 30. Rb1 b6 31. a5 bxa5 32. Rb7 Rxb7 33. Bxb7 Ke7 34.
Ra6 a4 35. Rxa7 Kd8 36. Bd5 1-0

[Event "4NCL Division 3 North"]
[Site "Bolton, ENG"]
[Date "2018.11.10"]
[Round "1.14"]
[White "Connor, Michael I"]
[Black "Reed, John"]
[Result "0-1"]
[WhiteElo "1817"]
[BlackElo "1960"]
[PlyCount "106"]
[EventDate "2018.11.10"]
[WhiteTeam "Bolton & Worsley"]
[BlackTeam "Manchester Manticores 2"]

1. d4 Nf6 2. c4 d6 3. g3 g6 4. Bg2 c6 5. Nf3 Bg7 6. O-O O-O 7. h3 Bf5 8. Nc3
Ne4 9. Qb3 Nxc3 10. bxc3 Bc8 11. Rb1 Nd7 12. Rd1 Qc7 13. e4 Rb8 14. Be3 b6 15.
Ne1 Bb7 16. Nc2 c5 17. d5 Bc8 18. Re1 Nf6 19. f4 Bd7 20. Bf2 b5 21. cxb5 Rxb5
22. Qc4 Rxb1 23. Rxb1 Rb8 24. Rxb8+ Qxb8 25. Qb3 Qc8 26. Kh2 Ne8 27. c4 Nc7 28.
Ne1 Na8 29. Nd3 Nb6 30. e5 Qa6 31. Nb2 Qa5 32. a3 dxe5 33. Nd3 exf4 34. Bxc5
fxg3+ 35. Kxg3 Qd2 36. Nf2 Qg5+ 37. Kf3 Be5 38. Ng4 Bxg4+ 39. hxg4 Qf4+ 40. Ke2
Qxg4+ 41. Bf3 Qxc4+ 42. Qxc4 Nxc4 43. Bxe7 Bd6 44. Bxd6 Nxd6 45. a4 Kf8 46. Kd3
Ke7 47. Kd4 f5 48. Kc5 Kd7 49. a5 g5 50. Kd4 g4 51. Bg2 h5 52. Ke3 h4 53. Kf4
Ke7 0-1

[Event "4NCL Division 3 North"]
[Site "Bolton, ENG"]
[Date "2018.11.10"]
[Round "1.15"]
[White "Hilton, Tim"]
[Black "McElvenny, Damien"]
[Result "1-0"]
[WhiteElo "1982"]
[BlackElo "1810"]
[PlyCount "91"]
[EventDate "2018.11.10"]
[WhiteTeam "Manchester Manticores 2"]
[BlackTeam "Bolton & Worsley"]

1. c4 c5 2. Nf3 Nf6 3. Nc3 Nc6 4. d4 cxd4 5. Nxd4 Nxd4 6. Qxd4 e6 7. e4 d6 8.
Be2 Be7 9. Be3 a6 10. O-O O-O 11. Rad1 Qc7 12. f3 Bd7 13. Qd2 Rad8 14. b4 d5
15. exd5 Bxb4 16. d6 Qc8 17. Bd4 Bc5 18. Kh1 Bxd4 19. Qxd4 Qc6 20. Rb1 Qc8 21.
Bd3 Bc6 22. Ne4 Nd7 23. Rfc1 e5 24. Qf2 f5 25. Ng5 Rde8 26. c5 h6 27. Bc4+ Kh8
28. Ne6 Rf6 29. Nc7 Ref8 30. Nd5 e4 31. Nxf6 Rxf6 32. f4 g5 33. Rb3 g4 34. Qd4
Qe8 35. Bd5 Kg7 36. Rxb7 Bxb7 37. Bxb7 Nf8 38. c6 Ne6 39. d7 Qd8 40. Qe5 Kg6
41. c7 Nxc7 42. Qxc7 Rf8 43. Rc6+ Kh5 44. Qd6 Rh8 45. Qg6+ Kh4 46. Qxh6+ 1-0

[Event "4NCL Division 3 North"]
[Site "Bolton, ENG"]
[Date "2018.11.10"]
[Round "1.16"]
[White "Kumar, Siddhansh"]
[Black "McQuillan, Stephen G"]
[Result "0-1"]
[WhiteElo "1060"]
[BlackElo "1900"]
[PlyCount "126"]
[EventDate "2018.11.10"]
[WhiteTeam "Bolton & Worsley"]
[BlackTeam "Manchester Manticores 2"]

1. e4 e5 2. Bc4 Nf6 3. Nc3 Bc5 4. Nf3 Nc6 5. O-O a6 6. d3 d6 7. h3 Be6 8. b3
Qd7 9. Ng5 Bxc4 10. dxc4 Bd4 11. Bb2 h6 12. Nf3 Bxc3 13. Bxc3 Nxe4 14. Qd3 Nxc3
15. Qxc3 O-O 16. Rad1 Rae8 17. c5 e4 18. Nd4 d5 19. Nxc6 Qxc6 20. b4 b6 21. a3
bxc5 22. bxc5 Rd8 23. Qd4 Qf6 24. Qd2 d4 25. Rfe1 Rfe8 26. Rb1 e3 27. fxe3 dxe3
28. Qc1 Qf2+ 29. Kh1 Rd2 30. Rg1 Red8 31. Qe1 Rxc2 32. Qxf2 Rxf2 33. Rge1 Rd3
34. a4 Rc2 35. c6 Rxc6 36. Rbd1 Rxd1 37. Rxd1 e2 38. Re1 Re6 39. a5 f5 40. g4
fxg4 41. hxg4 Kf7 42. Kg2 Kg6 43. Kf2 Kg5 44. Rxe2 Rxe2+ 45. Kxe2 Kxg4 46. Kd3
h5 47. Kc4 h4 48. Kc5 h3 49. Kc6 h2 50. Kb7 h1=Q+ 51. Kxa6 Qa8+ 52. Kb5 Kf4 53.
a6 Qa7 54. Kc4 Qxa6+ 55. Kd5 Qd6+ 56. Kc4 Ke5 57. Kc3 Qc5+ 58. Kb3 Kd4 59. Kb2
Kd3 60. Ka2 Qc3 61. Kb1 Qd2 62. Ka1 Kc3 63. Kb1 Qb2# 0-1

[Event "4NCL Division 3 North"]
[Site "Bolton, ENG"]
[Date "2018.11.10"]
[Round "1.21"]
[White "Watson, Phil R"]
[Black "Bennett, Patrick"]
[Result "0-1"]
[WhiteElo "2140"]
[BlackElo "1998"]
[PlyCount "110"]
[EventDate "2018.11.10"]
[WhiteTeam "Bradford DCA Knights B"]
[BlackTeam "Holmes Chapel"]

1. d4 Nf6 2. c4 g6 3. Nc3 Bg7 4. e4 d6 5. f3 O-O 6. Bg5 Nbd7 7. Nh3 e5 8. d5 a5
9. Nf2 Nc5 10. Qd2 Bd7 11. h4 h5 12. g4 hxg4 13. fxg4 Qc8 14. h5 Nh7 15. Bh6
Bxh6 16. Qxh6 g5 17. Be2 Qd8 18. Nh3 f5 19. Nxg5 Qxg5 20. Qxg5+ Nxg5 21. exf5
Kh7 22. h6 Rf6 23. Kf2 Rxh6 24. Ke3 Rxh1 25. Rxh1+ Kg7 26. Rh5 Nf7 27. a3 a4
28. Bd1 Rh8 29. Rxh8 Kxh8 30. Ne2 Kg7 31. Ng3 Ng5 32. Nh5+ Kf7 33. Bc2 Nh7 34.
Ng3 Be8 35. Kf3 Kf6 36. Nh1 Kg5 37. Kg3 Nf6 38. Nf2 Kh6 39. Kh4 Nh7 40. g5+ Kg7
41. Ng4 e4 42. Ne3 Nf8 43. Kg4 Nd3 44. b3 axb3 45. Bxb3 Nd7 46. Kh4 N7c5 47.
Bd1 Ne5 48. Bh5 Bxh5 49. Kxh5 Ncd3 50. f6+ Kf7 51. Kh6 Nf4 52. Kh7 Nh5 53. Nf5
Nxf6+ 54. gxf6 Kxf6 55. Ne3 Kg5 0-1

[Event "4NCL Division 3 North"]
[Site "Bolton, ENG"]
[Date "2018.11.10"]
[Round "1.22"]
[White "Doran, Chris"]
[Black "Clark, William G Bill"]
[Result "1/2-1/2"]
[WhiteElo "1959"]
[BlackElo "1858"]
[PlyCount "69"]
[EventDate "2018.11.10"]
[WhiteTeam "Holmes Chapel"]
[BlackTeam "Bradford DCA Knights B"]

1. e4 c5 2. Nf3 d6 3. d4 cxd4 4. Nxd4 Nf6 5. Nc3 a6 6. Bg5 e6 7. f4 Be7 8. Qf3
Nbd7 9. O-O-O Qa5 10. Bd3 h6 11. Qh3 Rg8 12. Nb3 Qb6 13. Bh4 g5 14. Bg3 gxf4
15. Bxf4 Ng4 16. Kb1 Nf2 17. Qxh6 Nxh1 18. Rxh1 Rxg2 19. Be3 Qc7 20. Qh8+ Bf8
21. h4 Ne5 22. h5 Bd7 23. Bh6 Ke7 24. Rf1 Qd8 25. Nd4 Bxh6 26. Nf5+ exf5 27.
Nd5+ Ke6 28. Qxh6+ f6 29. Nf4+ Kf7 30. Nxg2 Qh8 31. Qf4 Qxh5 32. exf5 Qg4 33.
Be4 Bc6 34. Bxc6 bxc6 35. Qxg4 1/2-1/2

[Event "4NCL Division 3 North"]
[Site "Bolton, ENG"]
[Date "2018.11.10"]
[Round "1.23"]
[White "Baxter, Harold"]
[Black "Turner, John M"]
[Result "1/2-1/2"]
[WhiteElo "1858"]
[BlackElo "1990"]
[PlyCount "62"]
[EventDate "2018.11.10"]
[WhiteTeam "Bradford DCA Knights B"]
[BlackTeam "Holmes Chapel"]

1. Nf3 Nf6 2. d4 d5 3. g3 Bg4 4. Ne5 Bf5 5. Bg2 e6 6. O-O Nbd7 7. c4 c6 8. cxd5
exd5 9. Nxd7 Qxd7 10. Nc3 Be7 11. Re1 O-O 12. Bf4 h6 13. f3 Rfd8 14. Qb3 Nh5
15. Be3 Be6 16. Bf2 f5 17. Na4 b6 18. Rac1 Rac8 19. a3 Nf6 20. Qd1 Ne8 21. e4
fxe4 22. fxe4 dxe4 23. Bxe4 Bd5 24. Bxd5+ cxd5 25. Nc3 Nf6 26. Qe2 Bf8 27. Qe6+
Qxe6 28. Rxe6 Rd6 29. Rxd6 Bxd6 30. Be3 Kf7 31. Kg2 Ke6 1/2-1/2

[Event "4NCL Division 3 North"]
[Site "Bolton, ENG"]
[Date "2018.11.10"]
[Round "1.24"]
[White "Laurence, Geoff"]
[Black "Slinger, Tony J"]
[Result "1/2-1/2"]
[WhiteElo "1901"]
[BlackElo "1838"]
[PlyCount "61"]
[EventDate "2018.11.10"]
[WhiteTeam "Holmes Chapel"]
[BlackTeam "Bradford DCA Knights B"]

1. d4 d5 2. Nf3 Nf6 3. e3 c6 4. Bd3 g6 5. Nbd2 Bg7 6. b3 O-O 7. Bb2 Bg4 8. h3
Bxf3 9. Qxf3 Nbd7 10. O-O Qc7 11. e4 dxe4 12. Nxe4 Nxe4 13. Bxe4 Nf6 14. Bd3 b5
15. Rfe1 Rfe8 16. a4 b4 17. Bc4 e6 18. Rad1 Nd5 19. Ba1 Red8 20. Rd3 Nb6 21.
Ba6 Nd5 22. Bc4 Nb6 23. Ba6 Nd5 24. Qe4 Rab8 25. Bc4 Rd6 26. Qf3 Rbd8 27. Red1
Nb6 28. Ba6 Nd5 29. Bc4 Nb6 30. Ba6 Nd5 31. Bc4 1/2-1/2

[Event "4NCL Division 3 North"]
[Site "Bolton, ENG"]
[Date "2018.11.10"]
[Round "1.25"]
[White "Dean, Robert A"]
[Black "Scattergood, George J"]
[Result "0-1"]
[WhiteElo "1833"]
[BlackElo "1735"]
[PlyCount "44"]
[EventDate "2018.11.10"]
[WhiteTeam "Bradford DCA Knights B"]
[BlackTeam "Holmes Chapel"]

1. e4 e6 2. d4 d5 3. Nd2 dxe4 4. Nxe4 Nf6 5. Bd3 Nc6 6. Nf3 Be7 7. c3 b6 8. O-O
Bb7 9. Re1 h6 10. Bf4 Nd5 11. Qd2 g5 12. Be3 f5 13. Nexg5 hxg5 14. Bxg5 Qd6 15.
c4 Nxd4 16. Nxd4 Qxh2+ 17. Kf1 Qh1+ 18. Ke2 Qh5+ 19. Nf3 Bxg5 20. Qc2 Nf4+ 21.
Kd2 O-O-O 22. Ne5 Nxd3+ 0-1